Devine la personalité - Statistiques

Statistiques générales
  • Ce quiz a été pris 4 fois
  • Le résultat moyen est 3 sur 8
Statistiques - réponses
Par images Réponse % Correct
Brooke Monk
100%
Cedric Bonheur
33%
Jean Baptiste Lestra
33%
Johan Cardot Da Costa
33%
Laurent Godemel
33%
Marie Nathalie Bonheur
33%
Gilles Goueffon
0%
Willem Hardouin
0%
Aucun quiz correspondant
Distribution des résultats
% des personnes avec chaque résultat
Percentile par nombre de réponses
Votre historique - résultats
Vous n’avez pas pris ce quiz